| 000 | 03558nam a2200337 i 4500 | ||
|---|---|---|---|
| 005 | 20250329165421.0 | ||
| 007 | ta | ||
| 008 | 200622s2021 000 0 eng d | ||
| 040 |
_aCO-CtgCURN _bspa _ccoctgcurn _erda |
||
| 082 | 0 |
_aCOP 2021 _bM491 |
|
| 100 | 1 |
_aMedina Vanegas, Iván David, _eauthor. _4aut |
|
| 245 | 1 | 0 |
_aAnálisis de las sanciones impuestas por la junta central de contadores en los últimos 5 años (2016 2021) / _cIván David Medina Vanegas; Ana Carolina Tapia Gelves; Keiner Enrique Córdoba Gavalo; Steffany Paola López Guzmán; asesor: José Zambrano Torres. |
| 260 | _c2021. | ||
| 260 |
_aCartagena de Indias : _bCorporación Universitaria Rafael Núñez, _c2021. |
||
| 260 |
_aCartagena de Indias : _bCorporación Universitaria Rafael Núñez, _c2021. |
||
| 260 | _c2021. | ||
| 300 | _a45 hojas. | ||
| 336 |
_atext _btxt _2rdacontent |
||
| 337 |
_aunmediated _bn _2rdamedia |
||
| 338 |
_avolume _bnc _2rdacarrier |
||
| 502 | _aTrabajo de grado (Contador público). Corporación Universitaria Rafael Núñez. Facultad de Ciencias Administrativas y Contables. Programa de Contaduría Pública, 2021. | ||
| 520 | 8 | _a"El presente estudio tiene como principal propósito, realizar un análisis de las sanciones impuestas por la Junta Central de Contadores (2016 -2021). Por lo que se enfoca en una exploración de archivos, que pretende explicar de manera sencilla diferentes características, tipos de sanciones y principales causas. El problema se relaciona con la descripción de las conductas sancionadas a los contadores. Las conductas sancionadas indican la inobservancia de las normas de ética. El conocimiento de las sanciones a los contadores públicos, sus fundamentos, gradualidad e implicaciones, exige desarrollar procesos de formación continua en los contadores públicos que permitan conocer el marco de actuación ética y legal. Como método de investigación, se efecta un análisis crítico partir de un estudio bibliométrico retrospectivo y descriptivo, realizado a través de una síntesis de aportes teóricos en los trabajos publicados por los repositorios académicos. Basado en lo anterior, el presente proyecto se desarrolló con la muestra de 209 casos de Contadores Públicos sancionados en total, desde el año 2016 hasta el año 2021. Una vez realizado el cálculo se obtuvo que de los casos analizados hubo 170 casos de suspensión correspondiendo al 81% de la muestra, 14 casos de amonestación es decir un 7% de la muestra y 21 casos de cancelación que implican el 10% de la muestra, y los multados fueron 7 casos que corresponden al 2% de la muestra. Por lo que se concluye que el conocimiento del proceso disciplinario aplicable a los contadores públicos en su ejercicio profesional permite reconocer un marco legal de actuación y un procedimiento sancionatorio que debe ser conocido, estudiado y problematizado por la comunidad contable y su organismo disciplinario, sin perjuicio de las responsabilidades distintas a la disciplinaria." | |
| 650 | 0 |
_aContaduría pública _xTesis y disertaciones académicas. |
|
| 700 | 1 | _aTapia Gelves, Ana Carolina. | |
| 700 | 1 | _aCórdoba Gavalo, Keiner Enrique. | |
| 700 | 1 | _aLópez Guzmán, Steffany Paola. | |
| 700 | 1 |
_aZambrano Torres, José, _casesor. |
|
| 856 | 7 |
_uhttps://unicurn.sharepoint.com/:b:/s/biblioteca/EX-YIjTH9o1CkZu8u3g7if0BtJv3u5qfWPAS6TXN5Bv91Q?e=jPheqj _zClick para ver el recurso en texto completo |
|
| 942 |
_2ddc _aMHC _bMHC _cMHC _hCOP 2021 _iM491 |
||
| 999 |
_c3303 _d3303 |
||